| 000 | 00368nab a22001097u 4500 | ||
|---|---|---|---|
| 008 | 130520b2002 xxu||||| |||| 00| 0 ita d | ||
| 041 | _aita | ||
| 100 | 1 |
_aDanza, Claudio _960234 |
|
| 245 | 0 | 0 |
_aLa metafora: aspetti espressivi e perfomativi _cClaudio Danza |
| 773 | 0 |
_tRivista di Scienze Dell' Educazione _gV.40, nº2,2002,págs. 284-298 _x0393-3849 _wRev395 |
|
| 942 | _cAR | ||
| 999 |
_c330184 _d330184 |
||